01126cam a22002651i 4500001001300000003000400013005001700017008004100034010001700075035001900092040003100111050002200142086001600164100004200180245012400222260004900346300005800395410005700453500004300510500020100553504002900754651003200783650002800815999001700843gs 60000223 DLC20260227111409.0780303s1960 dcuabd b f000 0 eng  ags 60000223  a(OCoLC)3686525 aDLCcOClUdISSdOCoLCdDLC00aQE75b.P9 no. 2950 aI 19.16:2951 aSmith, W. O.q(William Ogden),d1898-10aComprehensive survey of sedimentation in Lake Mead, 1948-49,cby W. O. Smith, C. P. Vetter, G. B. Cummings, and others. aWashington :bU.S. Govt. Print. Off.,c1960. axii, 254 p. :bill., maps, diagrs., tables. ;c29 cm.20aGeological Survey (U.S.).tProfessional paper ;v295 aPart of illustrative matter in pocket. a"Prepared in collaboration with the U. S. Department of the Interior, Bureau of Reclamation [several other Federal agencies and the] University of California, Scripps Institution of Oceanography." aIncludes bibliographies. 0aMead, Lake (Ariz. and Nev.) 0aReservoir sedimentation c29459d29459